All Lyrics of Reggae Shark - The Key of Awesome - Statistics

General Stats
  • This quiz has been taken 5 times
  • The average score is 203 of 368
Answer Stats
Answer % Correct
a
100%
Reggae
100%
(Reggae
100%
Shark
100%
shark
100%
Shark!
100%
Shark,
100%
Shark)
100%
the
100%
The
100%
to
100%
was
100%
when
100%
you
100%
You
100%
an
75%
and
75%
And
75%
bitch
75%
boat
75%
fish
75%
ganja
75%
He
75%
he
75%
just
75%
no
75%
Of
75%
of
75%
on
75%
she
75%
story
75%
tell
75%
want
75%
ya
75%
about
50%
arts
50%
at
50%
Awesome
50%
band
50%
bite
50%
But
50%
by
50%
crafts
50%
Cus
50%
da
50%
day
50%
don't
50%
drug
50%
eat
50%
had
50%
harm
50%
I'm
50%
in
50%
Is
50%
is
50%
it
50%
It
50%
Jelly
50%
jumped
50%
key
50%
master
50%
out
50%
peace
50%
raft
50%
real
50%
reason,
50%
sea
50%
seals
50%
Sharks
50%
Shark's
50%
shot
50%
Some
50%
swam
50%
them
50%
There
50%
town
50%
whole
50%
Witch
50%
witch
50%
with
50%
your
50%
After
25%
agenda
25%
air
25%
all
25%
along
25%
also
25%
always
25%
are
25%
ask
25%
balances
25%
boatin'
25%
brought
25%
can
25%
can't
25%
chain
25%
cheered
25%
come
25%
corruption
25%
cruisin'
25%
curse
25%
cursed
25%
dark
25%
decoy
25%
Didn't
25%
discovery
25%
down
25%
dreadlock
25%
drop
25%
drowned
25%
evil
25%
fault
25%
fell
25%
fins
25%
fire
25%
flunkies
25%
food
25%
for
25%
gave
25%
Gonna
25%
gonna
25%
got
25%
Great
25%
Hammerheads
25%
have
25%
he's
25%
Him
25%
him
25%
his
25%
hit
25%
huge
25%
human
25%
hundreds
25%
hunt
25%
its
25%
kids
25%
know
25%
leave
25%
light
25%
like
25%
live
25%
livin'
25%
load
25%
marvin',
25%
me
25%
Me
25%
munchies
25%
Now
25%
now
25%
one
25%
One
25%
over
25%
parade
25%
part
25%
police"
25%
political
25%
posse
25%
put
25%
Rasta
25%
redemption
25%
Reefs
25%
rifles
25%
said
25%
say
25%
screamin'
25%
see
25%
sheriff
25%
smokin'
25%
spliff
25%
start
25%
starvin'
25%
talkin'
25%
tape
25%
that
25%
Then
25%
They
25%
they
25%
threw
25%
throat
25%
ticker
25%
tied
25%
Tip
25%
took
25%
townspeople
25%
under
25%
underwater
25%
us
25%
wants
25%
wasn't
25%
were
25%
White
25%
Whites,
25%
brings
0%
grant
0%
I'll
0%
Kingstontown
0%
looked
0%
nay
0%
redeemed
0%
reverse
0%
should
0%
stay!"
0%
that's
0%
tourism
0%
way
0%
wish
0%
yourself
0%
No matching quizzes found
Score Distribution
Percent of People with Each Score
Percentile by Number Answered
Your Score History
You have not taken this quiz